书目信息 |
| 题名: |
数字集群移动通信系统
|
|
| 作者: | 郑祖辉 , 陆锦华 , 郑岚 编著 | |
| 分册: | ||
| 出版信息: | 北京 电子工业出版社 2005.01 |
|
| 页数: | 539页 | |
| 开本: | 26cm | |
| 丛书名: | 移动通信前沿技术丛书 | |
| 单 册: | ||
| 中图分类: | TN929.5 | |
| 科图分类: | ||
| 主题词: | 数字通信系统--移动通信系统 | |
| 电子资源: | ||
| ISBN: | 7-121-00497-6 | |
| 000 | 01054nam 2200301 450 | |
| 001 | 0164955780 | |
| 005 | 20050925164236.17 | |
| 010 | @a7-121-00497-6@dCNY49.00 | |
| 100 | @a20050925d2005 km y0chiy0120 ea | |
| 101 | 0 | @achi |
| 102 | @aCN@b110000 | |
| 105 | @aa a 000yy | |
| 200 | 1 | @a数字集群移动通信系统@Ashu zi ji qun yi dong tong xin xi tong@f郑祖辉, 陆锦华, 郑岚编著@Fzheng zu hui,lu jin hua,zheng lan bian zhu |
| 205 | @a第2版 | |
| 210 | @a北京@c电子工业出版社@d2005.01 | |
| 215 | @a539页@c图@d26cm | |
| 225 | 2 | @a移动通信前沿技术丛书 |
| 306 | @a本书实际出版日期为2004年 | |
| 320 | @a有书目 (第539页)。 | |
| 330 | @a本书全面系统阐述了数字集群通信系统——iDEN系统和TETRA系统的系统结构和配置、操作模式和工作原理、主要业务、功能和技术等。 | |
| 410 | 0 | @12001 @a移动通信前沿技术丛书 |
| 606 | 0 | @a数字通信系统@x移动通信系统 |
| 690 | @aTN929.5@v4 | |
| 701 | 0 | @a郑祖辉@Azheng zu hui@4编著 |
| 701 | 0 | @a陆锦华@Alu jin hua@4编著 |
| 701 | 0 | @a郑岚@Azheng lan@4编著 |
| 801 | 0 | @aCN@bQSSK@c20050925 |
| 905 | @a10447@dTN929.5@eZ456 | |
| 数字集群移动通信系统/郑祖辉, 陆锦华, 郑岚编著.-第2版.-北京:电子工业出版社,2005.01 |
| 539页:图;26cm.-(移动通信前沿技术丛书) |
| ISBN 7-121-00497-6:CNY49.00 |
| 本书全面系统阐述了数字集群通信系统——iDEN系统和TETRA系统的系统结构和配置、操作模式和工作原理、主要业务、功能和技术等。 |
| ● |
| 相关链接 |
|
|
|
正题名:数字集群移动通信系统
索取号:TN929.5/Z456
 
预约/预借
| 序号 | 登录号 | 条形码 | 馆藏地/架位号 | 状态 | 备注 |
| 1 | 572184 | 205721842 | 自科二线504/504自科库 11排3列2层/ [索取号:TN929.5/Z456] | 在馆 | |
| 2 | 572185 | 205721851 | 自科库301/301自科库 31排2列2层/ [索取号:TN929.5/Z456] | 在馆 |